[Event "SR 2. liga A 2008/2009"]
[Site "?"]
[Date "2008.11.09"]
[Round "4.3"]
[White "Biro, Karol"]
[Black "Kundrik, Peter"]
[Result "0-1"]
[WhiteElo "2186"]
[BlackElo "2228"]
[PlyCount "60"]
[EventDate "2008.??.??"]
[WhiteTeam "DPS B II"]
[BlackTeam "Piestany"]
[WhiteTeamCountry "SVK"]
[BlackTeamCountry "SVK"]

1. e4 c5 2. Nc3 Nc6 3. g3 g6 4. Bg2 Bg7 5. d3 d6 6. Nge2 e6 7. O-O Nge7 8. Bg5
O-O 9. Qd2 Rb8 10. Bh6 b5 11. Bxg7 Kxg7 12. d4 b4 13. Nd1 Ba6 14. Re1 Bxe2 15.
Rxe2 cxd4 16. c3 Qb6 17. cxd4 Nxd4 18. Re1 Nec6 19. Ne3 Ne5 20. Qd1 Rfc8 21. b3
Rc3 22. Kh1 Rbc8 23. Rf1 Rd3 24. Qb1 Rd2 25. a3 Rc3 26. axb4 Rxb3 27. Qc1 Rbb2
28. Nd1 Rbc2 29. Qb1 Nd3 30. Ra3 Rc1 0-1

[Event "SR 2. liga A 2008/2009"]
[Site "?"]
[Date "2008.11.09"]
[Round "4.3"]
[White "Kleman, Miroslav"]
[Black "Hartl, Jan"]
[Result "1-0"]
[WhiteElo "2204"]
[BlackElo "2161"]
[PlyCount "71"]
[EventDate "2008.??.??"]
[WhiteTeam "II"]
[BlackTeam "Slovakia"]
[WhiteTeamCountry "SVK"]
[BlackTeamCountry "SVK"]

1. e4 e5 2. Nf3 Nc6 3. Bc4 Nf6 4. d3 h6 5. Nbd2 Bc5 6. c3 Bb6 7. Bb3 d5 8. Qe2
O-O 9. O-O Bg4 10. h3 Bh5 11. Re1 Re8 12. Nf1 Qd7 13. Ng3 Bg6 14. Nh4 Bh7 15.
Qf3 Re6 16. exd5 Nxd5 17. Qxd5 Rd6 18. Qc4 g5 19. Nf3 Bxd3 20. Qg4 Qe7 21. Nf5
Bxf5 22. Qxf5 Rf6 23. Qe4 Kg7 24. Bc2 Rh8 25. Be3 Bxe3 26. fxe3 Qc5 27. Kh1 Re6
28. Rad1 Ne7 29. Qb4 Qxb4 30. cxb4 Kf6 31. Rd7 Rb6 32. Rxc7 Rxb4 33. Bb3 Re8
34. Rd1 a5 35. Rd6+ Kg7 36. Nxe5 {time} 1-0

[Event "SR 2. liga A 2008/2009"]
[Site "?"]
[Date "2008.11.09"]
[Round "4.3"]
[White "Kovacova, Zuzana"]
[Black "Dugovic, Branislav"]
[Result "1/2-1/2"]
[WhiteElo "2107"]
[BlackElo "2120"]
[PlyCount "82"]
[EventDate "2008.??.??"]
[WhiteTeam "II"]
[BlackTeam "Slovakia"]
[WhiteTeamCountry "SVK"]
[BlackTeamCountry "SVK"]

1. e4 d5 2. exd5 Nf6 3. d4 Bg4 4. f3 Bf5 5. c4 e6 6. dxe6 Nc6 7. Be3 Bb4+ 8.
Nc3 fxe6 9. Nge2 Qe7 10. a3 Bxc3+ 11. bxc3 O-O-O 12. Qa4 Bg6 13. Ng3 e5 14. d5
Nd4 15. Ra2 a6 16. Kf2 Nf5 17. Nxf5 Bxf5 18. h3 Nh5 19. g3 Rhf8 20. Kg2 Qf6 21.
Be2 Bd3 22. Rf1 Qg6 23. g4 Nf4+ 24. Bxf4 Rxf4 25. Qb3 Bxe2 26. Rxe2 e4 27. fxe4
Rxg4+ 28. hxg4 Qxg4+ 29. Kf2 Rf8+ 30. Ke1 Qg3+ 31. Ref2 Qe3+ 32. Kd1 Rxf2 33.
Rxf2 Qxf2 34. Qb4 Qf3+ 35. Kd2 Qf4+ 36. Kd1 Qf1+ 37. Kd2 Qf4+ 38. Kd1 Qf1+ 39.
Kd2 Qf2+ 40. Kd1 Qf1+ 41. Kd2 Qf4+ 1/2-1/2

[Event "SR 2. liga A 2008/2009"]
[Site "?"]
[Date "2008.11.09"]
[Round "4.3"]
[White "Mikulas, Dusan"]
[Black "Malar, Pavol"]
[Result "0-1"]
[WhiteElo "2183"]
[BlackElo "2090"]
[PlyCount "95"]
[EventDate "2008.??.??"]
[WhiteTeam "II"]
[BlackTeam "Slovakia"]
[WhiteTeamCountry "SVK"]
[BlackTeamCountry "SVK"]

1. e4 e6 2. d4 d5 3. Nd2 Nc6 4. Ngf3 Nf6 5. e5 Nd7 6. Bd3 f6 7. Ng5 fxg5 8.
Qh5+ g6 9. Bxg6+ hxg6 10. Qxg6+ Ke7 11. Ne4 Ndxe5 12. dxe5 Nxe5 13. Qxg5+ Kf7
14. Qf4+ Kg8 15. Qg3+ Bg7 16. Bg5 Qf8 17. Nf6+ Kf7 18. O-O-O Bxf6 19. Bxf6 Kxf6
20. Qf4+ Ke7 21. Qxe5 Kd8 22. f4 Rg8 23. g3 Qg7 24. Qe2 c6 25. Rhe1 Bd7 26. Rd3
Kc7 27. Qd2 b6 28. c4 Kb7 29. c5 Rge8 30. Re5 Kc7 31. Rb3 Reb8 32. Rg5 Qe7 33.
cxb6+ axb6 34. Kb1 Ra4 35. a3 Qc5 36. Re3 Rc4 37. Qe1 b5 38. Rg7 Re8 39. Qa5+
Kd6 40. Qe1 b4 41. Rb3 Qd4 42. Rg5 c5 43. Re5 Ba4 44. Rbe3 Bc2+ 45. Ka1 Be4 46.
Ka2 Rc2 47. Rb3 Rd2 48. Qe3 0-1

[Event "SR 2. liga A 2008/2009"]
[Site "?"]
[Date "2008.11.09"]
[Round "4.3"]
[White "Padysak, Tomas"]
[Black "Bukovsky, Milan"]
[Result "1/2-1/2"]
[WhiteElo "1941"]
[BlackElo "2022"]
[PlyCount "98"]
[EventDate "2008.??.??"]
[WhiteTeam "II"]
[BlackTeam "Slovakia"]
[WhiteTeamCountry "SVK"]
[BlackTeamCountry "SVK"]

1. Nf3 Nf6 2. g3 g6 3. Bg2 Bg7 4. c4 O-O 5. O-O c6 6. d4 d5 7. b3 Bf5 8. Bb2
dxc4 9. bxc4 Qb6 10. Qb3 Nbd7 11. Nbd2 Ne4 12. Nxe4 Bxe4 13. e3 Rfd8 14. Rac1
Nc5 15. Qxb6 axb6 16. Bc3 Nd3 17. Ra1 Ra3 18. Bd2 Rda8 19. Ne1 Bxg2 20. Kxg2
Nxe1+ 21. Rfxe1 Rxa2 22. Bc3 Kf8 23. Rxa2 Rxa2 24. Rb1 Ra6 25. Kf3 Ke8 26. h4
h5 27. Rb3 e6 28. Ke4 Kd7 29. Kd3 Kc7 30. Be1 Ra2 31. Bd2 Bf6 32. Be1 Be7 33.
Bd2 Ra3 34. Rxa3 Bxa3 35. e4 b5 36. c5 b6 37. Be3 bxc5 38. dxc5 Kb7 39. Kc3 Ka6
40. Kb3 b4 41. e5 Kb5 42. f3 Ka5 43. Bd2 Kb5 44. Be3 Ka6 45. Bd2 Ka5 46. Bf4
Ka6 47. Bd2 Kb7 48. g4 Kc8 49. g5 Kd7 1/2-1/2

[Event "SR 2. liga A 2008/2009"]
[Site "?"]
[Date "2008.11.09"]
[Round "4.3"]
[White "Petenyi, Tamas"]
[Black "Pagerka, Martin"]
[Result "1-0"]
[WhiteElo "1998"]
[BlackElo "2251"]
[PlyCount "107"]
[EventDate "2008.??.??"]
[WhiteTeam "II"]
[BlackTeam "Slovakia"]
[WhiteTeamCountry "SVK"]
[BlackTeamCountry "SVK"]

1. e4 e5 2. Nf3 Nc6 3. Bb5 a6 4. Ba4 Nf6 5. O-O Be7 6. Re1 b5 7. Bb3 d6 8. c3
O-O 9. h3 Nb8 10. d4 Nbd7 11. Nbd2 Bb7 12. Bc2 Re8 13. Nf1 Bf8 14. Ng3 g6 15.
a4 Bg7 16. Bd3 c6 17. Bg5 h6 18. Be3 Qb8 19. Qd2 Kh7 20. dxe5 dxe5 21. b4 Qc7
22. Qa2 Nf8 23. c4 Ne6 24. Rec1 bxa4 25. Qxa4 c5 26. Qa5 Qxa5 27. Rxa5 Nf4 28.
Bb1 cxb4 29. Nxe5 N6h5 30. Nxh5 Ne2+ 31. Kf1 Nxc1 32. Nxg7 Kxg7 33. Bxc1 f6 34.
Ng4 h5 35. Ne3 Bxe4 36. Bxe4 Rxe4 37. Bd2 b3 38. Bc3 Re6 39. Ke2 Rb8 40. Bb2
Rd8 41. Ra3 Rb8 42. Kd3 Kf7 43. g3 f5 44. h4 Rd6+ 45. Kc3 Ke6 46. Nd5 Ke5 47.
f3 Rc8 48. Kd3+ Ke6 49. Rxb3 Kd7 50. Be5 Rdc6 51. Nb6+ Ke6 52. Nxc8 Kxe5 53.
f4+ Ke6 54. Rb6 1-0

[Event "SR 2. liga A 2008/2009"]
[Site "?"]
[Date "2008.11.09"]
[Round "4.4"]
[White "Banasova, Katarina"]
[Black "Pasko, Peter"]
[Result "1/2-1/2"]
[WhiteElo "2139"]
[BlackElo "2093"]
[PlyCount "44"]
[EventDate "2008.??.??"]
[WhiteTeam "II"]
[BlackTeam "Slovakia"]
[WhiteTeamCountry "SVK"]
[BlackTeamCountry "SVK"]

1. e4 c5 2. f4 d6 3. Nf3 Nf6 4. Nc3 Nc6 5. d3 g6 6. g3 Bg7 7. Bg2 O-O 8. Qe2 e5
9. Nd1 Nh5 10. fxe5 dxe5 11. c3 f5 12. exf5 gxf5 13. Be3 e4 14. dxe4 fxe4 15.
Ng5 Nf6 16. Nf2 Ne5 17. Ngxe4 Bg4 18. Nxf6+ Rxf6 19. Qd2 Rd6 20. Qc2 Nd3+ 21.
Kf1 Ne5 22. h3 Bh5 1/2-1/2

[Event "SR 2. liga A 2008/2009"]
[Site "?"]
[Date "2008.11.09"]
[Round "4.4"]
[White "Bisco, Igor"]
[Black "Slapak, Zdenek"]
[Result "0-1"]
[WhiteElo "2151"]
[BlackElo "2173"]
[PlyCount "70"]
[EventDate "2008.??.??"]
[WhiteTeam "II"]
[BlackTeam "Slovakia"]
[WhiteTeamCountry "SVK"]
[BlackTeamCountry "SVK"]

1. e4 c5 2. Nf3 Nc6 3. d4 cxd4 4. Nxd4 e5 5. Nb5 a6 6. N5c3 Nf6 7. Bg5 Be7 8.
Bxf6 Bxf6 9. Nd5 O-O 10. Nbc3 b5 11. Bd3 d6 12. O-O Bg5 13. a4 b4 14. Ne2 Rb8
15. g3 Bh3 16. Bxa6 Bxf1 17. Qxf1 Ne7 18. Bc4 Nxd5 19. Bxd5 Qa5 20. h4 Bd8 21.
Nc1 Rc8 22. Nb3 Qa7 23. Qe2 Ba5 24. Rc1 Rc7 25. Nd2 Bb6 26. Nc4 Bd4 27. b3 Qc5
28. Kg2 Kh8 29. g4 Re7 30. Rd1 Qc7 31. a5 Qd8 32. a6 g6 33. Rxd4 exd4 34. Qd2
Qd7 35. Qxd4+ f6 0-1

[Event "SR 2. liga A 2008/2009"]
[Site "?"]
[Date "2008.11.09"]
[Round "4.4"]
[White "Michal, Silvio"]
[Black "Polacik, Igor"]
[Result "0-1"]
[WhiteElo "2123"]
[BlackElo "2194"]
[PlyCount "76"]
[EventDate "2008.??.??"]
[WhiteTeam "II"]
[BlackTeam "Slovakia"]
[WhiteTeamCountry "SVK"]
[BlackTeamCountry "SVK"]

1. c4 Nf6 2. d4 g6 3. Nc3 d5 4. Qb3 dxc4 5. Qxc4 a6 6. Nf3 Nbd7 7. Bf4 c6 8.
Ng5 e6 9. Nge4 Nb6 10. Qd3 Nfd5 11. Bg5 f6 12. Nxd5 Nxd5 13. Bd2 Be7 14. g3 f5
15. Nc5 b6 16. Na4 Bd7 17. Bg2 c5 18. Bxd5 exd5 19. Nc3 Bc6 20. O-O c4 21. Qf3
O-O 22. b3 Qd7 23. Rfd1 b5 24. Bh6 Rfe8 25. bxc4 dxc4 26. d5 Bb7 27. e4 b4 28.
exf5 Qxf5 29. Qxf5 gxf5 30. Na4 Rad8 31. Nb6 c3 32. Bf4 Bc5 33. Na4 Ba7 34. Kf1
Rxd5 35. Rxd5 Bxd5 36. Be3 Bc4+ 37. Kg2 Bxe3 38. fxe3 Rxe3 0-1

[Event "SR 2. liga A 2008/2009"]
[Site "?"]
[Date "2008.11.09"]
[Round "4.4"]
[White "Mihalik, Marek"]
[Black "Petrik, Karol"]
[Result "0-1"]
[WhiteElo "2098"]
[BlackElo "2167"]
[PlyCount "114"]
[EventDate "2008.??.??"]
[WhiteTeam "Piestany"]
[BlackTeam "DPS B II"]
[WhiteTeamCountry "SVK"]
[BlackTeamCountry "SVK"]

1. d4 Nf6 2. c4 e6 3. Nc3 Bb4 4. Nf3 c5 5. e3 O-O 6. Bd3 Nc6 7. O-O Bxc3 8.
bxc3 d6 9. e4 e5 10. d5 Ne7 11. h3 Ng6 12. Re1 Re8 13. a4 Bd7 14. Bg5 h6 15.
Be3 Nh5 16. Re2 Nhf4 17. Rb2 Nxd3 18. Qxd3 Rb8 19. a5 Qc8 20. Qd2 Kh7 21. Nh2
Rf8 22. g4 Qd8 23. f3 Rh8 24. Nf1 Qf6 25. Kf2 Nf4 26. Bxf4 exf4 27. Qd3 Kg8 28.
Rab1 Bc8 29. e5 Qe7 30. exd6 Qxd6 31. Nd2 h5 32. Ne4 Qd8 33. g5 b6 34. h4 Bf5
35. axb6 axb6 36. Qd2 Kh7 37. Qxf4 Bg6 38. Rd1 Re8 39. Kg3 Ra8 40. d6 Ra4 41.
d7 Re7 42. Qd6 Bxe4 43. fxe4 Rxe4 44. Qd3 Raxc4 45. Re2 Rxc3 46. Qxc3 Qc7+ 47.
Kh3 Rxh4+ 48. Kg2 Qh2+ 49. Kf1 Qh1+ 50. Kf2 Qxd1 51. Rd2 Rh2+ 52. Ke3 Qe1+ 53.
Kd3 c4+ 54. Kc2 Rh1 55. Qb2 Qe4+ 56. Kc3 Rh3+ 57. Kb4 c3+ 0-1

[Event "SR 2. liga A 2008/2009"]
[Site "?"]
[Date "2008.11.09"]
[Round "4.4"]
[White "Polasek, Filip"]
[Black "Csiba, Dominik"]
[Result "0-1"]
[WhiteElo "2096"]
[BlackElo "2169"]
[PlyCount "78"]
[EventDate "2008.??.??"]
[WhiteTeam "Slovakia"]
[BlackTeam "II"]
[WhiteTeamCountry "SVK"]
[BlackTeamCountry "SVK"]

1. e4 c5 2. Nf3 d6 3. d4 cxd4 4. Nxd4 Nf6 5. Nc3 a6 6. Be2 e5 7. Nf3 h6 8. O-O
Be6 9. Ne1 Nbd7 10. Nd3 Be7 11. b3 Qc7 12. Bb2 O-O 13. f4 Nb6 14. Qd2 Rac8 15.
f5 Bd7 16. Rf3 Bc6 17. Rg3 Kh7 18. Bf3 Rfd8 19. Qe2 Nbd7 20. Rd1 b5 21. a3 Qb7
22. Nb4 a5 23. Nbd5 Bf8 24. b4 Bxd5 25. exd5 axb4 26. axb4 Rc4 27. Ne4 Nxe4 28.
Bxe4 Nf6 29. Bd3 Rxb4 30. Bc3 Rh4 31. Bxb5 Qb6+ 32. Kh1 Rc8 33. Be1 Re4 34. Bf2
Rxe2 35. Bxb6 Rexc2 36. Bc6 Rb8 37. Rb3 Be7 38. Rdb1 Rd2 39. Be3 Rxb3 0-1

[Event "SR 2. liga A 2008/2009"]
[Site "?"]
[Date "2008.11.09"]
[Round "4.4"]
[White "Sturdik, Igor"]
[Black "Bury, Rastislav"]
[Result "1-0"]
[WhiteElo "2022"]
[BlackElo "2088"]
[PlyCount "70"]
[EventDate "2008.??.??"]
[WhiteTeam "Slovakia"]
[BlackTeam "II"]
[WhiteTeamCountry "SVK"]
[BlackTeamCountry "SVK"]

1. e4 c5 2. Nf3 d6 3. d4 cxd4 4. Nxd4 Nf6 5. Nc3 a6 6. Bg5 e6 7. f4 Be7 8. Qf3
Qc7 9. O-O-O Nbd7 10. Bd3 h6 11. Bh4 g5 12. fxg5 Ne5 13. Qe2 Nfg4 14. Nf3 Nxf3
15. gxf3 hxg5 16. Bg3 Ne5 17. f4 gxf4 18. Bxf4 Bd7 19. Rhf1 Rh7 20. Rg1 O-O-O
21. Kb1 Kb8 22. Qd2 Nf3 23. Qe3 Nxg1 24. e5 Rh3 25. Bg3 dxe5 26. Qxg1 f5 27.
Bf2 Rdh8 28. Ba7+ Kc8 29. Bxf5 Rxc3 30. bxc3 exf5 31. Qg7 Re8 32. Bf2 Be6 33.
Qg6 Qc6 34. c4 Rg8 35. Qh7 Ba3 1-0

[Event "SR 2. liga A 2008/2009"]
[Site "?"]
[Date "2008.11.09"]
[Round "4.5"]
[White "Chovanec, Vladimir"]
[Black "Puchart, Vladimir"]
[Result "1/2-1/2"]
[WhiteElo "2083"]
[BlackElo "2024"]
[PlyCount "52"]
[EventDate "2008.??.??"]
[WhiteTeam "Slovakia"]
[BlackTeam "II"]
[WhiteTeamCountry "SVK"]
[BlackTeamCountry "SVK"]

1. Nf3 Nf6 2. b3 d5 3. Bb2 c5 4. e3 Nc6 5. c4 e6 6. Be2 Be7 7. O-O O-O 8. cxd5
Nxd5 9. a3 b6 10. Qc2 Bb7 11. Nc3 Bf6 12. Rfd1 Rc8 13. Rac1 Qe7 14. Bd3 g6 15.
Be4 Nxc3 16. Bxc3 Rfd8 17. Bxc6 Bxc6 18. Ne5 Bxe5 19. Bxe5 f6 20. Ba1 Ba8 21.
f3 Bb7 22. Qc3 Kf7 23. Kf2 Ba6 24. d3 Rd7 25. Rd2 Rcd8 26. Rcd1 e5 1/2-1/2

[Event "SR 2. liga A 2008/2009"]
[Site "?"]
[Date "2008.11.09"]
[Round "4.5"]
[White "Csiba, Peter"]
[Black "Hecko, Dusan"]
[Result "1-0"]
[WhiteElo "2041"]
[BlackElo "2160"]
[Annotator "Fritz 9 (20s)"]
[PlyCount "31"]
[EventDate "2008.??.??"]
[WhiteTeam "Slovakia"]
[BlackTeam "II"]
[WhiteTeamCountry "SVK"]
[BlackTeamCountry "SVK"]

{B12: Caro-Kann: Advance Variation} 1. e4 c6 2. d4 d5 3. f3 dxe4 4. fxe4 e5 5.
Nf3 exd4 $2 ({kniz. Fritz} 5... Be6 6. c3 Nf6 7. Bd3 (7. Nxe5 $2 Nxe4 8. Nf3
Be7 9. Bd3 Ng5 10. Nbd2 Nd7 11. O-O O-O 12. Qc2 h6 13. Kh1 Nxf3 14. Nxf3 Bd6)
7... Nbd7 8. O-O Bd6 9. Kh1 Qc7 10. Be3 c5 11. Nbd2 cxd4 12. cxd4 exd4 13. Rc1
Qb8 14. Nxd4 Bg4 15. Be2 Bxe2 16. Qxe2) 6. Bc4 Be6 $2 ({kniz. Fritz} 6... Nf6
7. O-O Be7 8. Ng5 O-O 9. Nxf7 Rxf7 10. Bxf7+ Kxf7 11. e5 Kg8 12. exf6 Bxf6 13.
Nd2 Qd5 14. Qe2 Be6 15. Ne4 Nd7 16. Nxf6+ Nxf6 17. Bf4) 7. Bxe6 fxe6 8. O-O e5
$2 (8... Be7 9. Nxd4 Qd7 10. Qh5+ Kd8 11. Be3 c5 12. Rd1 cxd4 13. Rxd4 Bd6 14.
e5) 9. Nxe5 Nf6 10. Bg5 Be7 $4 (10... Nbd7 $142 11. Nc4 b5 $16) 11. Bxf6 Bxf6
12. Qh5+ Ke7 $4 {pozicia bola prehrata, ale cierny to urychluje} (12... g6 13.
Nxg6 $1 hxg6 14. Qxg6+ Kd7 15. Rxf6 Kc7 16. Rf7+ Nd7 $18) 13. Qf7+ Kd6 14. Nc4+
Kc5 15. Rf5+ Kb4 16. a3+ (16. a3+ Ka4 17. b3#) 1-0

[Event "SR 2. liga A 2008/2009"]
[Site "?"]
[Date "2008.11.09"]
[Round "4.5"]
[White "Flak, Juraj"]
[Black "Syrovy, Ivan"]
[Result "1-0"]
[WhiteElo "2061"]
[BlackElo "2097"]
[PlyCount "91"]
[EventDate "2008.??.??"]
[WhiteTeam "Slovakia"]
[BlackTeam "II"]
[WhiteTeamCountry "SVK"]
[BlackTeamCountry "SVK"]

1. e4 e5 2. Nf3 d6 3. Bc4 Bg4 4. Nc3 c6 5. h3 Be6 6. Bxe6 fxe6 7. d4 exd4 8.
Nxd4 Qe7 9. Qg4 Kd7 10. f4 Nf6 11. Qf3 Na6 12. Be3 Nc5 13. O-O-O Rd8 14. g4 Kc7
15. g5 Ne8 16. Qg4 h5 17. Qf3 Kb8 18. f5 e5 19. Nde2 Rd7 20. h4 Qf7 21. Ng3 Qc4
22. Bxc5 Qxc5 23. Nxh5 b5 24. Ng3 a5 25. Kb1 a4 26. Nce2 d5 27. Qc3 Qxc3 28.
Nxc3 d4 29. Nce2 c5 30. Nc3 Nd6 31. Nd5 Nxe4 32. Nxe4 Rxd5 33. f6 c4 34. h5
gxf6 35. Nxf6 Rd6 36. Ne4 Rd8 37. h6 d3 38. cxd3 cxd3 39. Rh3 Rd4 40. Nf6 Be7
41. Rhxd3 Bxf6 42. Rxd4 exd4 43. gxf6 Rxh6 44. Rf1 Rh8 45. Kc2 Kc7 46. Kd3 1-0

[Event "SR 2. liga A 2008/2009"]
[Site "?"]
[Date "2008.11.09"]
[Round "4.5"]
[White "Goga, Frantisek"]
[Black "Mydlarik, Martin"]
[Result "0-1"]
[WhiteElo "1960"]
[BlackElo "2124"]
[PlyCount "116"]
[EventDate "2008.??.??"]
[WhiteTeam "Slovakia"]
[BlackTeam "II"]
[WhiteTeamCountry "SVK"]
[BlackTeamCountry "SVK"]

1. e4 e6 2. d4 d5 3. exd5 exd5 4. Bd3 Bd6 5. Ne2 Bg4 6. f3 Bd7 7. Bf4 Qf6 8.
Qd2 Bxf4 9. Qxf4 Qxf4 10. Nxf4 Ne7 11. O-O Nbc6 12. c3 O-O 13. Nd2 g5 14. Nh5
f5 15. f4 Be8 16. Ng3 g4 17. Rae1 Bg6 18. b4 Rae8 19. Nb3 h5 20. Nc5 h4 21. Nh1
Kf7 22. Ne6 Rh8 23. Nxc7 Rc8 24. Ne6 Nd8 25. Ng5+ Kf6 26. Rc1 Nf7 27. Nxf7 Bxf7
28. Nf2 Rc7 29. Rc2 Rhc8 30. Rfc1 Rd8 31. Re1 Ng6 32. g3 hxg3 33. hxg3 Rh8 34.
Kg2 Be8 35. Rh1 Rxh1 36. Kxh1 Ba4 37. Rc1 a6 38. Bf1 Nf8 39. Bg2 Ne6 40. Nd3
Bb5 41. Nc5 b6 42. Nxe6 Kxe6 43. Re1+ Kd6 44. Re3 Ba4 45. Re5 Rxc3 46. Rxd5+
Ke6 47. Re5+ Kf6 48. d5 Rc1+ 49. Kh2 Rc2 50. Re6+ Kf7 51. Rxb6 Bb5 52. Rb7+ Ke8
53. Kg1 Rxa2 54. d6 Rxg2+ 55. Kxg2 Bc6+ 56. Kf2 Bxb7 57. Ke3 Kd7 58. Kd4 Kxd6
0-1

[Event "SR 2. liga A 2008/2009"]
[Site "?"]
[Date "2008.11.09"]
[Round "4.5"]
[White "Hazir, Svetozar"]
[Black "Manak, Jozef"]
[Result "1-0"]
[WhiteElo "2143"]
[BlackElo "2009"]
[PlyCount "89"]
[EventDate "2008.??.??"]
[WhiteTeam "DPS B II"]
[BlackTeam "Piestany"]
[WhiteTeamCountry "SVK"]
[BlackTeamCountry "SVK"]

1. e4 c5 2. Nf3 Nc6 3. Bb5 g6 4. O-O Bg7 5. c4 Nd4 6. Nxd4 Bxd4 7. d3 e6 8. Nc3
Ne7 9. Ne2 Bg7 10. Rb1 O-O 11. d4 cxd4 12. Nxd4 d5 13. exd5 exd5 14. c5 Qa5 15.
b4 Qc7 16. Bb2 a5 17. a3 axb4 18. axb4 Nc6 19. Nc2 Bxb2 20. Rxb2 Qe5 21. Rb3
Be6 22. Re1 Qf6 23. Bxc6 bxc6 24. Nd4 Bd7 25. Qd2 Rfe8 26. Rxe8+ Bxe8 27. g3
Bd7 28. Kg2 Kg7 29. Rf3 Qe5 30. Re3 Qh5 31. f4 Qh3+ 32. Kg1 Ra1+ 33. Re1 Ra3
34. Re3 Ra1+ 35. Re1 Ra3 36. Nf5+ Qxf5 37. Qb2+ Qf6 38. Qxa3 Qd4+ 39. Re3 Bh3
40. Qc3 Qxc3 41. Rxc3 Bf5 42. Kf2 Kf6 43. Ke3 Bd7 44. Kd4 h5 45. b5 1-0

[Event "SR 2. liga A 2008/2009"]
[Site "?"]
[Date "2008.11.09"]
[Round "4.5"]
[White "Milanov, Jasen"]
[Black "Hertel, Ondrej"]
[Result "0-1"]
[WhiteElo "1952"]
[BlackElo "2040"]
[PlyCount "110"]
[EventDate "2008.??.??"]
[WhiteTeam "II"]
[BlackTeam "Slovakia"]
[WhiteTeamCountry "SVK"]
[BlackTeamCountry "SVK"]

1. c4 e6 2. Nc3 Nf6 3. e4 d5 4. cxd5 exd5 5. e5 d4 6. exf6 dxc3 7. bxc3 Qxf6 8.
Nf3 Bd6 9. Be2 O-O 10. O-O Bg4 11. d4 Nd7 12. Bg5 Qg6 13. Qd2 Rfe8 14. Be3 Nf6
15. h4 Qh5 16. Rfe1 Nd5 17. Rab1 Rab8 18. c4 Nxe3 19. fxe3 Bg3 20. Rf1 b6 21.
Rb5 Qh6 22. Ne5 Bxe2 23. Qxe2 Bxe5 24. Rxe5 Rxe5 25. dxe5 Qxh4 26. Rf4 Qe7 27.
Qd3 h6 28. Rd4 Re8 29. Qf5 Qe6 30. Qd3 c6 31. Rd8 Qxe5 32. Rxe8+ Qxe8 33. Kf2
Qe7 34. a3 g6 35. g3 Qe6 36. Kg2 Qf5 37. Qd8+ Kh7 38. Qe7 Qc2+ 39. Kf3 Qxc4 40.
Qxa7 b5 41. Qa6 Qf1+ 42. Ke4 Qf5+ 43. Kd4 c5+ 44. Kc3 Qe5+ 45. Kd2 c4 46. Qa7
Kg7 47. Kc2 Qe4+ 48. Kb2 Qd3 49. Qc5 Qb3+ 50. Kc1 c3 51. Qb4 Qxb4 52. axb4 h5
53. Kc2 g5 54. Kxc3 h4 55. gxh4 gxh4 0-1

[Event "SR 2. liga A 2008/2009"]
[Site "?"]
[Date "2008.11.09"]
[Round "4.6"]
[White "Mosny, Jaroslav"]
[Black "Stefan, Oldrich"]
[Result "1/2-1/2"]
[WhiteElo "2030"]
[BlackElo "2018"]
[PlyCount "71"]
[EventDate "2008.??.??"]
[WhiteTeam "II"]
[BlackTeam "Slovakia"]
[WhiteTeamCountry "SVK"]
[BlackTeamCountry "SVK"]

1. d4 Nf6 2. Nf3 g6 3. g3 Bg7 4. Bg2 O-O 5. O-O d5 6. c4 c6 7. cxd5 cxd5 8. Ne5
Nc6 9. Nxc6 bxc6 10. Nc3 Nd7 11. e4 dxe4 12. Nxe4 Qb6 13. Be3 Qxb2 14. Qc1 Rb8
15. Rb1 Qxb1 16. Qxb1 Rxb1 17. Rxb1 Nb6 18. Nc5 Nd5 19. Rb8 e5 20. dxe5 Bxe5
21. Ra8 Bc7 22. Bxd5 cxd5 23. Rxa7 Bb6 24. Ra8 Bf5 25. Rxf8+ Kxf8 26. Nd7+ Bxd7
27. Bxb6 Ke7 28. f3 Kd6 29. Bd4 Ba4 30. Kf2 Kc6 31. Ke3 Kb5 32. Kd3 Bd1 33. f4
Bg4 34. Bb2 h5 35. Kd4 Be6 36. Ba3 1/2-1/2

[Event "SR 2. liga A 2008/2009"]
[Site "?"]
[Date "2008.11.09"]
[Round "4.6"]
[White "Peska, Juraj"]
[Black "Hecht, Tomas"]
[Result "1/2-1/2"]
[WhiteElo "1960"]
[BlackElo "1981"]
[PlyCount "49"]
[EventDate "2008.??.??"]
[WhiteTeam "II"]
[BlackTeam "Slovakia"]
[WhiteTeamCountry "SVK"]
[BlackTeamCountry "SVK"]

1. c4 e5 2. Nc3 Nf6 3. g3 Bb4 4. Bg2 O-O 5. d3 d5 6. cxd5 Nxd5 7. Bd2 Be6 8.
Nf3 f6 9. O-O Nc6 10. a3 Nxc3 11. bxc3 Bc5 12. Qb1 Rb8 13. Qb5 Qd6 14. Qb2 Rfd8
15. c4 Nd4 16. Nxd4 Bxd4 17. Bc3 Bg4 18. Bxd4 Qxd4 19. Qxd4 exd4 20. Rfe1 c5
21. Rab1 b6 22. Rb2 Rd6 23. a4 a5 24. Reb1 Bd7 25. Ra1 1/2-1/2

[Event "SR 2. liga A 2008/2009"]
[Site "?"]
[Date "2008.11.09"]
[Round "4.6"]
[White "Skara, Vladimir"]
[Black "Michalko, Peter"]
[Result "1-0"]
[WhiteElo "2097"]
[BlackElo "1782"]
[PlyCount "71"]
[EventDate "2008.??.??"]
[WhiteTeam "II"]
[BlackTeam "Slovakia"]
[WhiteTeamCountry "SVK"]
[BlackTeamCountry "SVK"]

1. e4 e5 2. d4 exd4 3. c3 d5 4. exd5 Qxd5 5. cxd4 Nc6 6. Nf3 Bg4 7. Nc3 Bb4 8.
Be2 Qd7 9. d5 Bxf3 10. Bxf3 Ne5 11. O-O O-O-O 12. Bf4 Bxc3 13. bxc3 Nxf3+ 14.
Qxf3 Qxd5 15. Qg4+ Kb8 16. Rad1 Nf6 17. Bxc7+ Kxc7 18. Qg3+ Kc8 19. Rxd5 Nxd5
20. Qxg7 Rdf8 21. Rd1 Nf4 22. g3 Ne6 23. Qf6 Rhg8 24. Qe7 Rd8 25. Rxd8+ Nxd8
26. Qh4 Re8 27. Qxh7 Re2 28. Qf5+ Re6 29. h4 Kd7 30. h5 Ke7 31. Qc5+ Ke8 32.
Qxa7 Kf8 33. Qc5+ Ke8 34. Qg5 Nc6 35. h6 Rg6 36. Qxg6 1-0

[Event "SR 2. liga A 2008/2009"]
[Site "?"]
[Date "2008.11.09"]
[Round "4.6"]
[White "Stepanovic, Branislav"]
[Black "Krajnak, Robert"]
[Result "1-0"]
[WhiteElo "2014"]
[BlackElo "2079"]
[PlyCount "59"]
[EventDate "2008.??.??"]
[WhiteTeam "Piestany"]
[BlackTeam "DPS B II"]
[WhiteTeamCountry "SVK"]
[BlackTeamCountry "SVK"]

1. e4 c5 2. Nf3 e6 3. Nc3 d6 4. d4 cxd4 5. Nxd4 Nc6 6. Be3 Nge7 7. Ndb5 Ng6 8.
a4 Be7 9. f4 a6 10. Na3 Rb8 11. Nc4 O-O 12. a5 f5 13. exf5 Rxf5 14. Bd3 Nxf4
15. Bxf5 Nxg2+ 16. Kf2 Nxe3 17. Bxh7+ Kxh7 18. Qh5+ Kg8 19. Nxe3 d5 20. Ng4
Bc5+ 21. Kg2 e5 22. Nh6+ gxh6 23. Qg6+ Kh8 24. Qxh6+ Kg8 25. Rhg1 Bxg1 26. Rxg1
Bg4 27. Kh1 Qf8 28. Rxg4+ Kf7 29. Qh7+ Ke6 30. Rg6+ 1-0

[Event "SR 2. liga A 2008/2009"]
[Site "?"]
[Date "2008.11.09"]
[Round "4.6"]
[White "Vach, Pavol"]
[Black "Peitl, Tomas"]
[Result "1/2-1/2"]
[WhiteElo "2104"]
[BlackElo "2033"]
[PlyCount "100"]
[EventDate "2008.??.??"]
[WhiteTeam "Slovakia"]
[BlackTeam "II"]
[WhiteTeamCountry "SVK"]
[BlackTeamCountry "SVK"]

1. d4 Nf6 2. c4 e6 3. Nc3 Bb4 4. Qc2 O-O 5. Bg5 h6 6. Bh4 d6 7. e3 b6 8. Nf3
Bb7 9. Be2 Nbd7 10. O-O Bxc3 11. Qxc3 c5 12. Rad1 Qe7 13. Bg3 Ne4 14. Qd3 Nxg3
15. fxg3 Nf6 16. Nd2 d5 17. Bf3 dxc4 18. Nxc4 Rfd8 19. Ne5 Rac8 20. Qe2 cxd4
21. Rxd4 Bxf3 22. Qxf3 Rxd4 23. exd4 Qd6 24. Qd3 Qd5 25. b3 Qa5 26. Qe2 Qc3 27.
Rd1 Nd5 28. Rd3 Qa1+ 29. Rd1 Nc3 30. Rxa1 Nxe2+ 31. Kf1 Rc2 32. Nc6 a5 33. d5
exd5 34. Ne7+ Kf8 35. Nxd5 b5 36. Ne3 Rc1+ 37. Rxc1 Nxc1 38. a4 b4 39. Nc4 Nxb3
40. Ke1 Ke7 41. Kd1 Ke6 42. Kc2 Nd4+ 43. Kd3 Nc6 44. Ne3 g6 45. Kc4 Ke5 46. Kb5
Kd4 47. Nd1 Kd5 48. Nb2 f5 49. Nd1 g5 50. Nb2 f4 1/2-1/2

[Event "SR 2. liga A 2008/2009"]
[Site "?"]
[Date "2008.11.09"]
[Round "4.6"]
[White "Zacik, Anton"]
[Black "Hricak, Vasil"]
[Result "1/2-1/2"]
[WhiteElo "2048"]
[BlackElo "2046"]
[PlyCount "24"]
[EventDate "2008.??.??"]
[WhiteTeam "Slovakia"]
[BlackTeam "II"]
[WhiteTeamCountry "SVK"]
[BlackTeamCountry "SVK"]

1. e4 c5 2. Nf3 Nc6 3. Nc3 d6 4. Bc4 Nf6 5. d3 g6 6. Nd2 Bg7 7. Nf1 Ng4 8. Ne3
Nxe3 9. Bxe3 Na5 10. Bb5+ Bd7 11. Bxd7+ Qxd7 12. Qd2 Nc6 1/2-1/2